[Event "Rheinland-Pfalz 2-Berlin 2"]
[Site "?"]
[Date "2015.09.08"]
[Round "3.2"]
[White "Schwertel, Johann"]
[Black "Albrecht, Rainer"]
[Result "1/2-1/2"]
[WhiteElo "2007"]
[BlackElo "2036"]
[PlyCount "86"]
[EventDate "2015.??.??"]
[WhiteTeam "Rheinland-Pfalz 2"]
[BlackTeam "Berlin 2"]

1. d4 e6 2. Nf3 f5 3. g3 Nf6 4. Bg2 Be7 5. O-O O-O 6. c4 d6 7. Nc3 Ne4 8. Qc2
Nxc3 9. Qxc3 a5 10. b3 Nc6 11. a4 Bf6 12. Bb2 e5 13. dxe5 dxe5 14. Rad1 Qe8 15.
Qc1 Qh5 16. e3 f4 17. Ne1 Bg4 18. f3 fxg3 19. hxg3 Bh3 20. Nd3 Bxg2 21. Kxg2
Rfe8 22. Nf2 Nb4 23. Ne4 Qf7 24. Rd2 Rad8 25. Rfd1 Qe7 26. Ba3 Qf8 27. Rd7 Rxd7
28. Rxd7 Rd8 29. Qd2 Be7 30. Bxb4 axb4 31. Qd5+ Kh8 32. c5 h6 33. c6 bxc6 34.
Qxc6 Rxd7 35. Qxd7 Bc5 36. Qxc7 Bxe3 37. Nd6 e4 38. Nxe4 Qg8 39. Qc2 Qd5 40. g4
Qd4 41. Qc8+ Kh7 42. Qf5+ Kg8 43. Qe6+ Kh7 1/2-1/2

[Event "Rheinland-Pfalz 2-Berlin 2"]
[Site "?"]
[Date "2015.09.08"]
[Round "3.3"]
[White "Federau, Juergen"]
[Black "Dietzsch, Herbert"]
[Result "1/2-1/2"]
[WhiteElo "2121"]
[BlackElo "2060"]
[PlyCount "88"]
[EventDate "2015.??.??"]
[WhiteTeam "Berlin 2"]
[BlackTeam "Rheinland-Pfalz 2"]

1. d4 d5 2. c4 c6 3. e3 e6 4. Bd3 f5 5. Nf3 Nf6 6. O-O Bd6 7. b3 Qe7 8. Bb2 O-O
9. Qc1 Ne4 10. Ba3 Nd7 11. Bxd6 Qxd6 12. Qa3 b6 13. Qxd6 Nxd6 14. Ne5 Nxe5 15.
dxe5 dxc4 16. bxc4 Nb7 17. Na3 Nc5 18. Rfd1 Bb7 19. Bc2 Rfd8 20. Rd4 Kf7 21.
Rad1 Ke7 22. f4 h6 23. Kf2 g6 24. Rxd8 Rxd8 25. Rxd8 Kxd8 26. e4 Ke7 27. Ke3 Ba6
28. g3 Kf7 29. h3 Ke7 30. Kd4 Bb7 31. Ke3 Nd7 32. Nb1 Ba6 33. Nd2 Nc5 34. Kd4
Bb7 35. Ke3 Kf7 36. Nf3 Ba6 37. Nd2 Bb7 38. Nf3 Ba6 39. Nd2 Bb7 40. Kd4 Ba6 41.
Kc3 Bb7 42. Bd3 Na4+ 43. Kc2 Nc5 44. Kc3 Na4+ 1/2-1/2

[Event "Rheinland-Pfalz 2-Berlin 2"]
[Site "?"]
[Date "2015.09.08"]
[Round "3.4"]
[White "Ranker, Klemens"]
[Black "Sprotte, Norbert"]
[Result "0-1"]
[WhiteElo "1864"]
[BlackElo "2186"]
[PlyCount "72"]
[EventDate "2015.??.??"]
[WhiteTeam "Rheinland-Pfalz 2"]
[BlackTeam "Berlin 2"]

1. e4 e6 2. d4 d5 3. exd5 exd5 4. Bd3 c5 5. c3 Nf6 6. Ne2 Nc6 7. Nd2 cxd4 8.
cxd4 Bd6 9. h3 O-O 10. O-O Bd7 11. Nb3 Qc7 12. Be3 Rae8 13. Rc1 Qb8 14. Nc3 Nb4
15. Bb1 Ne4 16. a3 Nxc3 17. Rxc3 Nc6 18. Bg5 Ne7 19. Rf3 Ng6 20. Nc5 Bb5 21. Re1
Rxe1+ 22. Qxe1 Re8 23. Re3 Rxe3 24. Qxe3 b6 25. Nb3 h6 26. Bxg6 hxg5 27. Bb1 Qc7
28. g3 Qc4 29. Nd2 Qc1+ 30. Kg2 g4 31. hxg4 Qxb2 32. Qg5 Qxd4 33. Qd8+ Bf8 34.
Qh4 Bd3 35. Nf3 Qe4 36. Ba2 Be2 0-1

[Event "Sachsen 1-Hamburg 2"]
[Site "?"]
[Date "2015.09.08"]
[Round "3.1"]
[White "Kuhn, Gerd"]
[Black "Weidlich, Guenter"]
[Result "1/2-1/2"]
[WhiteElo "2076"]
[BlackElo "2199"]
[PlyCount "49"]
[EventDate "2015.??.??"]

1. d4 g6 2. e4 Bg7 3. Nf3 d6 4. c3 Nf6 5. Nbd2 O-O 6. Bc4 c6 7. Bb3 d5 8. e5 Ne8
9. Bc2 f6 10. O-O Nd7 11. Re1 fxe5 12. Ng5 exd4 13. Ne6 Qb6 14. Nxf8 Bxf8 15.
Nf3 dxc3 16. bxc3 Qc7 17. Ba3 Ndf6 18. h3 c5 19. Qe2 e6 20. Bc1 Bd6 21. Bh6 Bf4
22. Bxf4 Qxf4 23. Qe3 Qxe3 24. Rxe3 Nc7 25. a4 1/2-1/2

[Event "Sachsen 1-Hamburg 2"]
[Site "?"]
[Date "2015.09.08"]
[Round "3.2"]
[White "Boehm, Erwin"]
[Black "Gerigk, Wolf"]
[Result "1-0"]
[WhiteElo "2172"]
[BlackElo "2055"]
[PlyCount "87"]
[EventDate "2015.??.??"]

1. e4 Nc6 2. Nf3 d5 3. exd5 Qxd5 4. Nc3 Qa5 5. Bb5 Bd7 6. O-O O-O-O 7. Qe2 Nh6
8. a3 Nf5 9. Bxc6 Bxc6 10. Ne5 Nd4 11. Qg4+ f5 12. Nxc6 bxc6 13. Qd1 e5 14. d3
e4 15. Rb1 exd3 16. Qxd3 Nb3 17. Qc4 Nxc1 18. Rbxc1 Qc5 19. Qe6+ Rd7 20. Rfd1
Bd6 21. Na4 Qb5 22. Qb3 Rhd8 23. Qxb5 cxb5 24. Nc3 a6 25. g3 Be5 26. Rxd7 Kxd7
27. Rd1+ Ke7 28. Rxd8 Kxd8 29. Nd1 f4 30. Kg2 Ke7 31. Kf3 g5 32. g4 Ke6 33. Ke4
a5 34. f3 a4 35. c3 c5 36. Nf2 c4 37. Nh3 h6 38. Ng1 b4 39. axb4 Bxc3 40. bxc3
a3 41. Ne2 Kd6 42. Nc1 Kc6 43. Kd4 Kb5 44. h3 1-0

[Event "Sachsen 1-Hamburg 2"]
[Site "?"]
[Date "2015.09.08"]
[Round "3.3"]
[White "Duemmke, Juergen"]
[Black "Knaak, Joachim"]
[Result "1/2-1/2"]
[WhiteElo "1975"]
[BlackElo "2105"]
[PlyCount "130"]
[EventDate "2015.??.??"]

1. e4 c5 2. Nf3 d6 3. d4 cxd4 4. Qxd4 Nc6 5. Bb5 Qa5+ 6. Nc3 Qxb5 7. Nxb5 Nxd4
8. Nfxd4 Kd8 9. Bd2 Nf6 10. f3 Bd7 11. a4 b6 12. O-O g6 13. Rfd1 a6 14. Nc3 h6
15. Be3 e5 16. Nb3 Kc7 17. Nd2 Be6 18. b3 Be7 19. Nf1 Rac8 20. Rd3 Kb7 21. Rad1
Rc6 22. Bc1 Rhc8 23. Bb2 Nh5 24. g3 f5 25. Ne3 fxe4 26. Nxe4 Kc7 27. c4 Nf6 28.
Nxf6 Bxf6 29. Nd5+ Bxd5 30. Rxd5 Rb8 31. Ba3 Be7 32. Kf2 Rf8 33. Ke3 Rf5 34. h4
h5 35. a5 Rf6 36. axb6+ Kxb6 37. Bb4 Re6 38. Ke4 Kb7 39. R5d3 Rf6 40. Ba3 Kb6
41. Bc1 Kc7 42. Bg5 Rf7 43. c5 Rxc5 44. Bxe7 Rxe7 45. Rxd6 Rb5 46. Rxg6 Rb4+ 47.
Kf5 Rxb3 48. Rxa6 Rf7+ 49. Kxe5 Re3+ 50. Kd4 Rfxf3 51. Rh6 Rxg3 52. Rxh5 Kd6 53.
Rh6+ Ke7 54. h5 Ra3 55. Rh7+ Kd6 56. Ke4+ Ke6 57. Rh6+ Ke7 58. Re1 Kf7 59. Rf1+
Kg7 60. Rd6 Ra4+ 61. Kf5 Ra7 62. Rg6+ Rxg6 63. hxg6 Ra5+ 64. Ke6 Ra6+ 65. Ke7
Ra7+ 1/2-1/2

[Event "Sachsen 1-Hamburg 2"]
[Site "?"]
[Date "2015.09.08"]
[Round "3.4"]
[White "Lehmann, Wolfgang"]
[Black "Krotofil, Kurt"]
[Result "1/2-1/2"]
[WhiteElo "1912"]
[BlackElo "1958"]
[PlyCount "27"]
[EventDate "2015.??.??"]

1. Nf3 Nf6 2. d4 g6 3. c4 c5 4. d5 b5 5. cxb5 a6 6. bxa6 Bxa6 7. Nc3 d6 8. g3
Bg7 9. Bg2 O-O 10. O-O Nbd7 11. Re1 Ng4 12. Qc2 Nge5 13. b3 Qa5 14. Bb2 1/2-1/2

[Event "Sachsen 2-Wuerttemberg 2"]
[Site "?"]
[Date "2015.09.08"]
[Round "3.1"]
[White "Wolf, Walter"]
[Black "Brauer, Christian"]
[Result "1-0"]
[WhiteElo "2125"]
[BlackElo "2106"]
[PlyCount "117"]
[EventDate "2015.??.??"]
[WhiteTeam "Wuerttemberg 2"]
[BlackTeam "Sachsen 2"]

1. f4 g6 2. Nf3 Bg7 3. e4 c5 4. Be2 Nc6 5. O-O d6 6. c3 Qb6 7. Na3 Nf6 8. Nc4
Qc7 9. e5 Ng4 10. Ng5 Nh6 11. d4 cxd4 12. cxd4 d5 13. Ne3 e6 14. Nf3 Qb6 15. b3
Nf5 16. Nxf5 gxf5 17. Ba3 Bf8 18. Bxf8 Kxf8 19. Qd3 Bd7 20. Rad1 Rg8 21. Kh1 Rc8
22. Ng5 Rg7 23. a3 h6 24. Nf3 Rg8 25. Ne1 Ke8 26. Rf3 Kd8 27. Rh3 Rg6 28. b4 Kc7
29. Qd2 Kb8 30. Rd3 Ne7 31. Rc3 Rgg8 32. Bh5 Ng6 33. Nd3 Bb5 34. Nc5 Qd8 35.
Rdc1 Qe7 36. a4 Bc4 37. b5 Nf8 38. Be2 Nd7 39. Bxc4 Nxc5 40. dxc5 dxc4 41. Rxc4
Qh4 42. c6 bxc6 43. bxc6 Rc7 44. Qd6 Qf2 45. R4c2 Qb6 46. Qd2 Ka8 47. Qe2 Rgc8
48. h3 a6 49. Rc5 Ka7 50. Qf3 Qb4 51. Qe3 Ka8 52. R1c4 Qb1+ 53. Kh2 h5 54. Qf3
h4 55. Qf2 Qb6 56. a5 Qb3 57. Qxh4 Rb8 58. Qf2 Qb1 59. Qd4 1-0

[Event "Sachsen 2-Wuerttemberg 2"]
[Site "?"]
[Date "2015.09.08"]
[Round "3.2"]
[White "Eichner, Christian"]
[Black "Schmid, Hartmut"]
[Result "1-0"]
[WhiteElo "2076"]
[BlackElo "2147"]
[PlyCount "95"]
[EventDate "2015.??.??"]
[WhiteTeam "Sachsen 2"]
[BlackTeam "Wuerttemberg 2"]

1. e4 c5 2. Nf3 Nf6 3. Nc3 e6 4. e5 Nd5 5. Nxd5 exd5 6. d4 Nc6 7. dxc5 Bxc5 8.
Qxd5 Qb6 9. Bc4 Bxf2+ 10. Ke2 O-O 11. Rf1 Bc5 12. Ng5 Nd4+ 13. Kd1 Ne6 14. Ne4
Be7 15. c3 Qc6 16. Kc2 Qxd5 17. Bxd5 Rb8 18. Be3 b6 19. Rad1 Bb7 20. Rf2 Bxd5
21. Rxd5 Rfd8 22. a4 Rb7 23. Nd6 Bxd6 24. Rxd6 Kf8 25. Rd1 Ke7 26. Rdf1 Rf8 27.
b4 Rc7 28. Kb3 f6 29. exf6+ Rxf6 30. Rxf6 gxf6 31. Rf5 Rc6 32. Rh5 Nf8 33. a5 d6
34. b5 Rc7 35. axb6 axb6 36. Bxb6 Rb7 37. Bd4 Ke6 38. Kb4 Ng6 39. g3 Ne5 40. Ka5
Kd5 41. Ka6 Re7 42. Rf5 Rf7 43. g4 h6 44. h4 Ke6 45. Bxe5 dxe5 46. b6 Kd6 47. g5
hxg5 48. hxg5 1-0

[Event "Sachsen 2-Wuerttemberg 2"]
[Site "?"]
[Date "2015.09.08"]
[Round "3.3"]
[White "Lainburg, Viktor"]
[Black "Petzold, Hans"]
[Result "1/2-1/2"]
[WhiteElo "2127"]
[BlackElo "2066"]
[PlyCount "54"]
[EventDate "2015.??.??"]
[WhiteTeam "Wuerttemberg 2"]
[BlackTeam "Sachsen 2"]

1. Nf3 e6 2. g3 f5 3. Bg2 Nf6 4. O-O Be7 5. b3 d6 6. d4 O-O 7. Bb2 Qe8 8. c4 Ne4
9. Qc2 Nc6 10. a3 Bf6 11. b4 e5 12. d5 Ne7 13. Ne1 Qg6 14. f3 Ng5 15. Nc3 Bd7
16. Rc1 f4 17. Qxg6 Nxg6 18. Nd3 h5 19. Nb5 Bd8 20. gxf4 Nxf4 21. Nxf4 Rxf4 22.
e3 Rxc4 23. Rxc4 Bxb5 24. Rfc1 Bxc4 25. Rxc4 h4 26. f4 exf4 27. exf4 Nh7 1/2-1/2

[Event "Mecklenburg-Vorpommern 2-Sachsen-Anhalt "]
[Site "?"]
[Date "2015.09.08"]
[Round "3.1"]
[White "Liebert, Heinz"]
[Black "Krueger, Horst"]
[Result "1/2-1/2"]
[WhiteElo "2215"]
[BlackElo "2119"]
[PlyCount "47"]
[EventDate "2015.??.??"]
[WhiteTeam "Sachsen-Anhalt 1"]
[BlackTeam "Mecklenburg-Vorpommern 2"]

1. c4 e6 2. Nf3 Nf6 3. g3 d5 4. Bg2 Be7 5. O-O O-O 6. d4 c6 7. Nbd2 Nbd7 8. Qc2
c5 9. cxd5 exd5 10. dxc5 Nxc5 11. Nd4 Be6 12. N2b3 Rc8 13. Nxe6 Nxe6 14. Qd1 b6
15. Bh3 Bc5 16. Qd3 Qe7 17. Be3 Rfd8 18. Rac1 d4 19. Bd2 Rd5 20. Qa6 Rcd8 21.
Bg2 Rh5 22. Qb7 Qxb7 23. Bxb7 Re5 24. Kg2 1/2-1/2

[Event "Mecklenburg-Vorpommern 2-Sachsen-Anhalt "]
[Site "?"]
[Date "2015.09.08"]
[Round "3.2"]
[White "Alder, Bodo"]
[Black "Hamm, Georg"]
[Result "1/2-1/2"]
[WhiteElo "2072"]
[BlackElo "2133"]
[PlyCount "24"]
[EventDate "2015.??.??"]
[WhiteTeam "Mecklenburg-Vorpommern 2"]
[BlackTeam "Sachsen-Anhalt 1"]

1. e4 g6 2. d4 Bg7 3. g3 d6 4. Bg2 c6 5. c3 Nf6 6. Ne2 O-O 7. O-O Nfd7 8. h3 e5
9. Be3 Qc7 10. Qc2 Re8 11. Nd2 Nb6 12. a4 Be6 1/2-1/2

[Event "Mecklenburg-Vorpommern 2-Sachsen-Anhalt "]
[Site "?"]
[Date "2015.09.08"]
[Round "3.3"]
[White "Schmidt, Joerg"]
[Black "Nauschuetz, Ernst"]
[Result "1-0"]
[WhiteElo "2111"]
[BlackElo "1993"]
[PlyCount "51"]
[EventDate "2015.??.??"]
[WhiteTeam "Sachsen-Anhalt 1"]
[BlackTeam "Mecklenburg-Vorpommern 2"]

1. e4 c5 2. Nf3 g6 3. d4 cxd4 4. Nxd4 Nc6 5. c4 Nf6 6. Nc3 d6 7. Be2 Nxd4 8.
Qxd4 Bg7 9. O-O O-O 10. Qd1 Be6 11. f3 Qa5 12. Be3 Rfc8 13. Nd5 Nxd5 14. cxd5
Bd7 15. Qb3 b5 16. Rac1 a6 17. Rfd1 Kf8 18. Bd2 Qb6+ 19. Be3 Qb7 20. Qb4 Rxc1
21. Rxc1 a5 22. Qd2 Ke8 23. Kf1 b4 24. Bd4 Bxd4 25. Qxd4 Qa7 26. Qh8# 1-0

[Event "Mecklenburg-Vorpommern 2-Sachsen-Anhalt "]
[Site "?"]
[Date "2015.09.08"]
[Round "3.4"]
[White "Krueger, Gerhard"]
[Black "Mikolajewski, Armin"]
[Result "0-1"]
[WhiteElo "2034"]
[BlackElo "2080"]
[PlyCount "56"]
[EventDate "2015.??.??"]
[WhiteTeam "Mecklenburg-Vorpommern 2"]
[BlackTeam "Sachsen-Anhalt 1"]

1. e4 e5 2. Nf3 Nc6 3. d4 exd4 4. Bc4 Nf6 5. O-O d6 6. Nxd4 Be7 7. Re1 O-O 8.
Nc3 Ne5 9. Bb3 c5 10. Nf5 Bxf5 11. exf5 c4 12. f4 Neg4 13. Nd5 Nxd5 14. Qxg4
cxb3 15. c4 Nb4 16. axb3 Nc2 17. Bd2 Nxe1 18. Bxe1 Bf6 19. h4 Bd4+ 20. Kh1 Qf6
21. h5 g6 22. fxg6 fxg6 23. f5 Bxb2 24. Ra5 Be5 25. hxg6 hxg6 26. Rxe5 dxe5 27.
fxg6 Qf1+ 28. Kh2 Qf4+ 0-1

[Event "Sachsen-Anhalt 2-Berlin 3"]
[Site "?"]
[Date "2015.09.08"]
[Round "3.1"]
[White "Burger, Heinrich"]
[Black "Bondick, Karl-Heinz"]
[Result "0-1"]
[WhiteElo "2121"]
[BlackElo "2045"]
[PlyCount "158"]
[EventDate "2015.??.??"]
[WhiteTeam "VfB Hermsdorf"]
[BlackTeam "Sachsen-Anhalt 2"]

1. d4 d5 2. Nf3 Nf6 3. g3 g6 4. Bg2 Bg7 5. O-O O-O 6. c4 c6 7. b3 Nbd7 8. Bb2
dxc4 9. bxc4 Nb6 10. Nbd2 Nfd7 11. Qc2 Qc7 12. c5 Nd5 13. e4 Nb4 14. Qb3 a5 15.
a3 Na6 16. e5 e6 17. Rac1 Rb8 18. Bc3 b6 19. cxb6 Rxb6 20. Qa4 Rb5 21. Ne4 Nb6
22. Qc2 Rd5 23. Bd2 Bb7 24. Nd6 Nb8 25. Rb1 Ba6 26. Rfc1 f6 27. Bh3 fxe5 28.
Bxe6+ Kh8 29. Bxd5 Qxd6 30. Bxc6 Nc4 31. Be4 Nxa3 32. dxe5 Bxe5 33. Bc3 Nd7 34.
Nxe5 Nxe5 35. Qb2 Nac4 36. Qb3 Qf6 37. Bd4 Nd2 38. Qb2 Nef3+ 39. Kg2 Qxd4 40.
Qxd4+ Nxd4 41. Rb6 Nxe4 42. Rxa6 Rxf2+ 43. Kh3 Nf3 44. Ra7 Nfg5+ 45. Kh4 Rxh2+
46. Kg4 h5+ 47. Kf4 Rf2+ 48. Ke3 Rf3+ 49. Kd4 Rf8 50. Rc6 Nf6 51. Ke5 Ngh7 52.
Ke6 Kg8 53. Rcc7 Re8+ 54. Kd6 Nf8 55. Rg7+ Kh8 56. Rgf7 Ne4+ 57. Kd5 Nxg3 58.
Rxa5 Kg8 59. Raa7 Nf5 60. Rfb7 h4 61. Rb4 Nh7 62. Rb6 Ne7+ 63. Kd4 Kf7 64. Ke3
Nf6 65. Kf3 g5 66. Kg2 g4 67. Raa6 Ned5 68. Rb7+ Kg6 69. Ra5 Kf5 70. Rf7 Re5 71.
Ra6 h3+ 72. Kg3 Re3+ 73. Kh2 Re2+ 74. Kg1 g3 75. Ra1 Ne3 76. Rg7 Neg4 77. Rf7
Kg6 78. Rf8 h2+ 79. Kh1 g2# 0-1

[Event "Sachsen-Anhalt 2-Berlin 3"]
[Site "?"]
[Date "2015.09.08"]
[Round "3.2"]
[White "Just, Joachim"]
[Black "Kollberg, Lothar"]
[Result "0-1"]
[WhiteElo "1969"]
[BlackElo "2099"]
[PlyCount "120"]
[EventDate "2015.??.??"]
[WhiteTeam "Sachsen-Anhalt 2"]
[BlackTeam "SC Zugzwang 95 (Berlin)"]

1. f4 Nf6 2. Nf3 g6 3. b3 Bg7 4. Bb2 O-O 5. e3 d5 6. Be2 c5 7. O-O d4 8. Ne5
Nfd7 9. Nd3 Nc6 10. Bf3 Qc7 11. Na3 e5 12. Nc4 exf4 13. exf4 Nb6 14. Nxb6 axb6
15. Be4 Re8 16. Qf3 Bg4 17. Qxg4 Rxe4 18. a4 c4 19. bxc4 Na5 20. Qf3 Re6 21. f5
Rf6 22. Qe4 gxf5 23. Rxf5 Rxf5 24. Qxf5 Nxc4 25. Rf1 Nxd2 26. Rf2 Nc4 27. Bc1
Ne3 28. Qg5 Rxa4 29. Qb5 Qc6 30. Qb3 Qd7 31. h3 Ra8 32. Nf4 Ra1 33. Nd3 Qe6 34.
Qb5 Ra5 35. Qb4 Rf5 36. Qe1 Bh6 37. Rxf5 Qxf5 38. Qg3+ Qg6 39. Qb8+ Bf8 40. g4
Nxc2 41. Ne5 Qd6 42. Qe8 Qe6 43. Qb8 Kg7 44. Nd3 Ne1 45. Nf4 Qd6 46. Nh5+ Kg8
47. Qxb7 d3 48. Bd2 Qd4+ 49. Kf1 Nc2 50. Qf3 Be7 51. Qa8+ Qd8 52. Qc6 Nd4 53.
Qe4 Ne6 54. Qe5 Qd4 55. Qb8+ Nd8 56. Qg3 Bc5 57. Qg2 Qa1+ 58. Be1 Bb4 59. Nf6+
Qxf6+ 60. Bf2 Bc5 0-1

[Event "Sachsen-Anhalt 2-Berlin 3"]
[Site "?"]
[Date "2015.09.08"]
[Round "3.3"]
[White "Shapiro, Yosip"]
[Black "Liebscher, Helmar"]
[Result "0-1"]
[WhiteElo "2101"]
[BlackElo "2100"]
[PlyCount "84"]
[EventDate "2015.??.??"]
[WhiteTeam "SV Berolina Mitte"]
[BlackTeam "Sachsen-Anhalt 2"]

1. Nf3 Nf6 2. c4 e6 3. d4 b6 4. g3 Bb4+ 5. Nbd2 Bb7 6. Bg2 O-O 7. O-O d5 8. cxd5
exd5 9. a3 Bd6 10. Nh4 Re8 11. Nf5 Bf8 12. Nf3 Nc6 13. Bf4 Ne7 14. Bh3 Nxf5 15.
Bxf5 g6 16. Bh3 Ne4 17. Rc1 Bd6 18. Be5 f6 19. Bf4 Bxf4 20. gxf4 Qd6 21. e3 Re7
22. Ne1 f5 23. Bg2 c5 24. Nf3 Rc7 25. Ne5 Rac8 26. dxc5 bxc5 27. Qa4 g5 28. Rfd1
gxf4 29. Bxe4 Qxe5 30. Bg2 fxe3 31. fxe3 Rg7 32. Kh1 Kh8 33. Qc2 Rcg8 34. Rg1
Qxe3 35. Rge1 Qg5 36. Bf3 Qf4 37. Rf1 Rg1+ 38. Rxg1 Qxf3+ 39. Rg2 d4 40. Rcg1
Rxg2 41. Qxg2 Qxg2+ 42. Rxg2 d3 0-1

[Event "Sachsen-Anhalt 2-Berlin 3"]
[Site "?"]
[Date "2015.09.08"]
[Round "3.4"]
[White "Kirmas, Joachim"]
[Black "Glatthor, Thomas"]
[Result "0-1"]
[WhiteElo "1958"]
[BlackElo "2047"]
[PlyCount "62"]
[EventDate "2015.??.??"]

1. e4 d6 2. d4 g6 3. Nc3 Bg7 4. Be3 Nf6 5. f3 c6 6. Qd2 b5 7. a3 a6 8. Bh6 Bxh6
9. Qxh6 e5 10. dxe5 dxe5 11. Rd1 Qe7 12. Bd3 Be6 13. Nh3 Ng8 14. Qg5 Bxh3 15.
Qxe7+ Kxe7 16. gxh3 Nf6 17. O-O Nh5 18. Ne2 Nd7 19. f4 f6 20. fxe5 fxe5 21. Rf3
Raf8 22. Rxf8 Rxf8 23. a4 Nc5 24. axb5 axb5 25. Ng3 Nf4 26. Bf1 Ra8 27. h4 Ra2
28. Rb1 Na4 29. Ne2 Nxe2+ 30. Bxe2 Rxb2 31. Bg4 Rxb1+ 0-1

[Event "Mecklenburg-Vorpommern 1-Blindenschachbu"]
[Site "?"]
[Date "2015.09.08"]
[Round "3.1"]
[White "Riegler, Dieter"]
[Black "Ackermann, Hans Werner"]
[Result "0-1"]
[WhiteElo "2096"]
[BlackElo "2333"]
[PlyCount "86"]
[EventDate "2015.??.??"]

1. d4 d6 2. c4 Nd7 3. Nc3 Ngf6 4. e4 e5 5. Nf3 Be7 6. h3 c6 7. Be3 Qc7 8. Rc1
O-O 9. Be2 exd4 10. Nxd4 Nc5 11. Qc2 a5 12. O-O Re8 13. Rfd1 Bf8 14. Bf3 Nfd7
15. Bf4 Ne5 16. Be2 g6 17. Qd2 f6 18. b3 Qg7 19. Bh2 Nf7 20. Qc2 Qh6 21. Bf1 Ng5
22. Re1 Bd7 23. f4 Nge6 24. Nxe6 Nxe6 25. Qd2 Nc5 26. Rcd1 Rad8 27. Qf2 Bc8 28.
Qf3 f5 29. e5 dxe5 30. fxe5 Ne6 31. Kh1 Bb4 32. Rxd8 Rxd8 33. Rd1 Rxd1 34. Nxd1
Qd2 35. Qe2 Kf7 36. Qf3 Qxa2 37. Nf2 Qb1 38. Ng4 Kg7 39. Ne3 Bc5 40. Bg1 h5 41.
Kh2 Bd4 42. Be2 Bxe5+ 43. Kh1 Nd4 0-1

[Event "Mecklenburg-Vorpommern 1-Blindenschachbu"]
[Site "?"]
[Date "2015.09.08"]
[Round "3.2"]
[White "Jeske, Eckhard"]
[Black "Dobierzin, Olaf"]
[Result "0-1"]
[WhiteElo "2144"]
[BlackElo "1998"]
[PlyCount "80"]
[EventDate "2015.??.??"]

1. c4 g6 2. Nc3 Bg7 3. g3 e5 4. Bg2 Nc6 5. e3 d6 6. Nge2 Nge7 7. O-O O-O 8. Rb1
a5 9. b3 Bf5 10. d3 Qd7 11. Re1 Bh3 12. Bh1 h5 13. Bb2 h4 14. Nd5 Nxd5 15. cxd5
Ne7 16. d4 Nf5 17. dxe5 dxe5 18. Nc3 Nd6 19. Rc1 Rfe8 20. Na4 b6 21. Qe2 e4 22.
Bxg7 Kxg7 23. Qd2 f6 24. Nc3 Re5 25. Qc2 Rae8 26. Ne2 R8e7 27. Red1 Bg4 28. Rd4
Bf3 29. Nf4 Bxh1 30. Kxh1 hxg3 31. Ne6+ Kh8 32. fxg3 Nf5 33. Rd2 Nxe3 34. Qc3
Nxd5 35. Rxd5 Qxd5 36. Nf4 Qf7 37. Rd1 e3 38. Qd3 Kg7 39. Re1 g5 40. Ng2 Rd7 0-1

[Event "Mecklenburg-Vorpommern 1-Blindenschachbu"]
[Site "?"]
[Date "2015.09.08"]
[Round "3.3"]
[White "Heinich, Manfred"]
[Black "Pruesse, Horst"]
[Result "0-1"]
[WhiteElo "1974"]
[BlackElo "2037"]
[PlyCount "92"]
[EventDate "2015.??.??"]

1. d4 Nf6 2. c4 e6 3. Nf3 c5 4. d5 b5 5. Bg5 bxc4 6. Nc3 h6 7. Bxf6 Qxf6 8. e4
e5 9. Bxc4 d6 10. Qd3 Be7 11. O-O O-O 12. Rab1 Qg6 13. Kh1 Kh8 14. b4 cxb4 15.
Rxb4 Nd7 16. Na4 Nf6 17. Re1 Nh5 18. Qe3 f5 19. exf5 Bxf5 20. Nc3 Nf4 21. Bf1
Bg4 22. Rb7 Bxf3 23. Qxf3 Bg5 24. Qe4 Qxe4 25. Nxe4 Nxd5 26. Rd1 Nf6 27. Nxg5
hxg5 28. Rxd6 Rfb8 29. Rxb8+ Rxb8 30. Rd2 Ne4 31. Rc2 Rb1 32. Kg1 Rd1 33. f3 Nd2
34. Kf2 Nxf1 35. Ke2 Ra1 36. Kf2 Nxh2 37. Re2 Nf1 38. Rxe5 g4 39. Re1 Rxe1 40.
Kxe1 gxf3 41. Kxf1 fxg2+ 42. Kxg2 Kh7 43. Kh3 Kg6 44. Kg4 Kf6 45. Kf4 a5 46. Kg4
Ke5 0-1

[Event "Mecklenburg-Vorpommern 1-Blindenschachbu"]
[Site "?"]
[Date "2015.09.08"]
[Round "3.4"]
[White "Kliewe, Hans-Juergen"]
[Black "Mueller, Manfred"]
[Result "1-0"]
[WhiteElo "2026"]
[BlackElo "1967"]
[PlyCount "111"]
[EventDate "2015.??.??"]

1. d4 Nf6 2. Nf3 d5 3. Bf4 c6 4. e3 Bg4 5. Be2 e6 6. h3 Bh5 7. O-O Bd6 8. Ne5
Bxe2 9. Qxe2 Qc7 10. c4 Nbd7 11. Nxd7 Qxd7 12. Bxd6 Qxd6 13. Nc3 dxc4 14. Qxc4
O-O 15. e4 Nd7 16. Rfd1 Rfd8 17. e5 Qe7 18. Ne4 Nb6 19. Qb3 Rd5 20. Rac1 Rad8
21. Nd6 h6 22. Kh2 Rd7 23. f4 f5 24. Qg3 Qf8 25. Qb3 g5 26. g3 Qe7 27. Qf3 Ra5
28. a3 Nd5 29. Qh5 Kh7 30. Rf1 Ra4 31. Qd1 Ra6 32. Qd3 gxf4 33. gxf4 Qf8 34. Rg1
Rb6 35. Rc2 Nxf4 36. Qg3 Nd5 37. Qg6+ Kh8 38. Qxe6 Re7 39. Qxf5 Qxf5 40. Nxf5
Rf7 41. Nxh6 Rf3 42. Rg3 Rxg3 43. Kxg3 Rb3+ 44. Kh4 Rd3 45. Nf5 Rf3 46. Nd6 Rf4+
47. Kg5 Rxd4 48. Nxb7 Rd3 49. Rxc6 Rg3+ 50. Kh4 Rb3 51. Nd8 Rxb2 52. Rd6 Ne3 53.
Rd3 Nf5+ 54. Kg5 Ng7 55. Kf6 Kg8 56. Ke7 1-0